Associez le dictateur à son pays - Clic Quiz - Statistiques

Statistiques générales
  • Ce quiz a été pris 576 fois
  • Le résultat moyen est 10 sur 12
Statistiques - réponses
Hint Réponse % Correct
Adolf Hitler (1933-1945) Allemagne
98%
Kim Il-Sung (1948-1994) Corée du Nord
97%
Joseph Staline (1922-1953) Union Soviétique
96%
Benito Mussolini (1922-1943) Italie
95%
Saddam Hussein (1979-2003) Irak
94%
Mao Zedong (1949-1976) Chine
93%
Francisco Franco (1939-1975) Espagne
92%
Mouammar Kadhafi (1969-2011) Libye
80%
Augusto Pinochet (1974-1990) Chili
79%
Mobutu Sese Seko (1965-1997) Zaïre
79%
António de Oliveira Salazar (1932-1968) Portugal
69%
Rafael Trujillo (1930-1961) République dominicaine
53%
Aucun quiz correspondant
Distribution des résultats
% des personnes avec chaque résultat
Percentile par nombre de réponses
Votre historique - résultats
Vous n’avez pas pris ce quiz